000 00275nam a22001337a 4500
003 SGT
020 _a9780140075762
082 _a954
_bI85A
100 _aAKBAR, M.J.
245 _aINDIA: THE SIEGE WITHIN
260 _bPENGUIN BOOKS
_c1985
300 _a325
942 _2ddc
_cBK
999 _c29213
_d29213